000 00743nam a22002297a 4500
003 OSt
005 20260422082952.0
008 260422b |||||||| |||| 00| 0 eng d
020 _a971-501-970-6
040 _aDWCL Main Lib.
_cOC
082 _22nd
_a282 R194c 2005
100 _aRausch, Thomas P.
245 _aCatholicism in the third millennium
_cThomas P. Rausch
250 _a2nd
260 _aManila :
_bClaretian Publications,
_cc2005
300 _axviii, 282 p. :
_c22 cm.
504 _aIncludes bibliographical references and index
650 _a1. Catholic church - Doctrines
650 _a2. Catholic church - History - 20th century
650 _a3. Spiritual life - Catholic church
942 _2ddc
_cBK - FIL
_hFil.
_n0
999 _c9731
_d9731